| 000 | 00770nam a22002177a 4500 | ||
|---|---|---|---|
| 003 | NUST-PNEC | ||
| 005 | 20170116180738.0 | ||
| 008 | 141203b xxu||||| |||| 00| 0 eng d | ||
| 020 | _a0071126368 | ||
| 040 | _cPNEC | ||
| 082 | _a005.26 HAL | ||
| 100 |
_91067 _aHall Douglas V |
||
| 245 |
_aMicroprocessors and interfacing : programming and hardware _cDouglas V Hall |
||
| 250 | _a2nd ed. | ||
| 260 |
_aLake Forest, Ill. : _bGlencoe, _cc1992. |
||
| 300 |
_axiv, 624 pages : _billustrations ; _c29 cm. |
||
| 500 | _aIncludes index. | ||
| 650 | _xMIS, Computer | ||
| 856 | _uhttp://www.amazon.com/Microprocessors-Interfacing-McGraw-Hill-International-Editions/dp/0071126368/ref=sr_1_1?s=books&ie=UTF8&qid=1417594772&sr=1-1&keywords=0071126368 | ||
| 942 |
_2ddc _cBK |
||
| 999 |
_c62044 _d62044 |
||